|
|
|
|
| LEADER |
00000nab a2200000 a 4500 |
| 001 |
vtls000307253 |
| 003 |
SK-MaSNL |
| 005 |
20260302214823.0 |
| 008 |
111202c1987 xo 0 slo |
| 015 |
|
|
|a SNBRA19rr/mm-uuuuu
|
| 035 |
|
|
|a CL0317372
|
| 040 |
|
|
|a SNKBUCL
|b slo
|c SNKBUCL
|e AACR2
|
| 041 |
0 |
|
|a slo
|
| 044 |
|
|
|a xo
|c SK
|
| 080 |
|
|
|a 331.225
|2 1981
|
| 080 |
|
|
|a 331.876.6
|2 1981
|
| 080 |
|
|
|a 330.131.5
|2 1981
|
| 100 |
1 |
|
|a Bielik, Jozef
|4 aut
|9 8329
|
| 245 |
1 |
0 |
|a Určenie spoločenského prospechu a stanovenie odmeny za využitie V, ZN, PVz, z prínosov u spotrebiteľa výrobku alebo služieb
|c Jozef Bielik
|
| 300 |
|
|
|b Grafy 5.
|
| 650 |
0 |
7 |
|a vynálezcovstvo
|2 snkbucl
|9 276625
|
| 650 |
0 |
7 |
|a zlepšovateľstvo
|2 snkbucl
|9 271831
|
| 650 |
0 |
7 |
|a odmeňovanie
|2 snkbucl
|9 2329
|
| 655 |
|
7 |
|a články zo zborníkov
|2 snkbucl
|9 166140
|
| 773 |
0 |
|
|t Ekonomika spoločenského prospechu a odmeňovania vo vynálezcovstve a zlepšovateľstve
|d Bratislava : Dom techniky ČSVTS, 1987
|g S. 112-125
|
| 850 |
|
|
|a Slovenská národná knižnica v Martine
|a MTA001
|
| 852 |
|
|
|a SNK
|b KIS3GCP
|
| 958 |
|
|
|a RK
|
| 992 |
|
|
|a RZB
|
| 999 |
|
|
|c 1499721
|d 1501651
|